8 age of optimism / (Record no. 135183)

MARC details
000 -LEADER
fixed length control field 00708nam a22002537a 4500
005 - DATE AND TIME OF LATEST TRANSACTION
control field 20170124110241.0
010 ## - LIBRARY OF CONGRESS CONTROL NUMBER
LC control number A-248429
020 ## - INTERNATIONAL STANDARD BOOK NUMBER
Terms of availability 00.00
International Standard Book Number 0882250736
035 ## - SYSTEM CONTROL NUMBER
System control number A-248429
037 ## - SOURCE OF ACQUISITION
Source of stock number/acquisition Cen Lib/Ret
040 ## - CATALOGING SOURCE
Original cataloging agency DPL
Language of cataloging EN
082 ## - DEWEY DECIMAL CLASSIFICATION NUMBER
Classification number 900
Item number AGE
245 ## - TITLE STATEMENT
Title 8 age of optimism /
Statement of responsibility, etc edited by Alan Palmer
246 ## - VARYING FORM OF TITLE
Remainder of title
260 ## - PUBLICATION, DISTRIBUTION, ETC. (IMPRINT)
Place of publication, distribution, etc New York
Name of publisher, distributor, etc Newsweek Books
Date of publication, distribution, etc 1974
270 ## - ADDRESS
City New York
300 ## - PHYSICAL DESCRIPTION
Extent 159p. :
Dimensions 29cm(Hb)
Other physical details ill.
490 ## - SERIES STATEMENT
Series statement Milestones of history
500 ## - GENERAL NOTE
General note Includes index
650 ## - SUBJECT ADDED ENTRY--TOPICAL TERM
Topical term or geographic name as entry element History, Modern -- 19th century.
9 (RLIN) 94996
650 ## - SUBJECT ADDED ENTRY--TOPICAL TERM
Topical term or geographic name as entry element Histoire -- 19e siècle.
9 (RLIN) 94997
700 ## - ADDED ENTRY--PERSONAL NAME
Personal name Palmer, Alan
9 (RLIN) 39703
942 ## - ADDED ENTRY ELEMENTS (KOHA)
Source of classification or shelving scheme Dewey Decimal Classification
Koha item type English Books
Classification part 909
Call number suffix AGE
Holdings
Withdrawn status Lost status Damaged status Not for loan Collection code Home library Current library Date acquired Source of acquisition Cost, normal purchase price Total Checkouts Full call number Barcode Date last seen Copy number Cost, replacement price Price effective from Koha item type
      Not For Loan Reference Central Library Central Library 03/10/2015 Cen Lib/Ret 0.00   900 AGE A-248429 03/10/2015 1 0.00 03/10/2015 English Books

© Delhi Public Library
Hit Counter
free hit counter